Theory of elasticity : course of theoretical physics (Record no. 5683)

MARC details
000 -LEADER
fixed length control field 00482 a2200181 4500
001 - CONTROL NUMBER
control field 131147
003 - CONTROL NUMBER IDENTIFIER
control field OSt
005 - DATE AND TIME OF LATEST TRANSACTION
control field 20210908115759.0
008 - FIXED-LENGTH DATA ELEMENTS--GENERAL INFORMATION
fixed length control field
082 ## - DEWEY DECIMAL CLASSIFICATION NUMBER
Classification number 531.38
Item number L23T
100 1# - MAIN ENTRY--PERSONAL NAME
Personal name Landau, L.D.
245 1# - TITLE STATEMENT
Title Theory of elasticity : course of theoretical physics
Statement of responsibility, etc by L.D. Landau and E.M. Lifshitz
260 ## - PUBLICATION, DISTRIBUTION, ETC. (IMPRINT)
Place of publication, distribution, etc Uk
Name of publisher, distributor, etc Butterworth Elsevier
Date of publication, distribution, etc 2010
300 ## - PHYSICAL DESCRIPTION
Extent 187p.
690 ## - LOCAL SUBJECT ADDED ENTRY--TOPICAL TERM (OCLC, RLIN)
Topical term or geographic name as entry element Elasticity
700 ## - ADDED ENTRY--PERSONAL NAME
Personal name Lifshitz, E.M.
942 ## - ADDED ENTRY ELEMENTS (KOHA)
Source of classification or shelving scheme Dewey Decimal Classification
Koha item type Books
Holdings
Withdrawn status Lost status Source of classification or shelving scheme Damaged status Not for loan Collection code Home library Current library Date acquired Source of acquisition Cost, normal purchase price Full call number Barcode Date last seen Price effective from Koha item type Total Checkouts
    Dewey Decimal Classification     General Text Book Central University Of Rajasthan Central University Of Rajasthan 08/06/2012 PHY 595.00 531.38 L23T 7225 21/11/2024 02/09/2020 Books  
    Dewey Decimal Classification     General Text Book Central University Of Rajasthan Central University Of Rajasthan 26/08/2025 PHY   531.38 L23T 047582 26/08/2025 26/08/2025 Books  
    Dewey Decimal Classification     General Text Book Central University Of Rajasthan Central University Of Rajasthan 26/08/2025 PHY   531.38 L23T 047583 26/08/2025 26/08/2025 Books  
    Dewey Decimal Classification     General Text Book Central University Of Rajasthan Central University Of Rajasthan 26/08/2025 PHY   531.38 L23T 047584 26/08/2025 26/08/2025 Books  
    Dewey Decimal Classification     General Text Book Central University Of Rajasthan Central University Of Rajasthan 26/08/2025 PHY   531.38 L23T 047585 26/08/2025 26/08/2025 Books  
    Dewey Decimal Classification   Not For Loan Reserve Text Book Central University Of Rajasthan Central University Of Rajasthan 26/08/2025 PHY   531.38 L23T 047586 26/08/2025 26/08/2025 Books  
    Dewey Decimal Classification     General Text Book Central University Of Rajasthan Central University Of Rajasthan 26/08/2025 PHY   531.38 L23T 047587 26/08/2025 26/08/2025 Books  
    Dewey Decimal Classification     General Text Book Central University Of Rajasthan Central University Of Rajasthan 26/08/2025 PHY   531.38 L23T 047588 26/08/2025 26/08/2025 Books  
    Dewey Decimal Classification     General Text Book Central University Of Rajasthan Central University Of Rajasthan 26/08/2025 PHY   531.38 L23T 047589 26/08/2025 26/08/2025 Books  
    Dewey Decimal Classification     General Text Book Central University Of Rajasthan Central University Of Rajasthan 26/08/2025 PHY   531.38 L23T 047590 26/08/2025 26/08/2025 Books  
    Dewey Decimal Classification   Not For Loan Reserve Text Book Central University Of Rajasthan Central University Of Rajasthan 26/08/2025 PHY   531.38 L23T 047591 26/08/2025 26/08/2025 Books